Technology and human affairs

Gespeichert in:
Bibliographische Detailangaben
1. Verfasser: Hickman, Larry
Format: Buch
Sprache:Undetermined
Veröffentlicht: Louis The C. V. Mosby Company 1981
Schlagworte:
Tags: Tag hinzufügen
Keine Tags, Fügen Sie den ersten Tag hinzu!
Thư viện lưu trữ: Trung tâm Học liệu Trường Đại học Cần Thơ
LEADER 00522nam a2200193Ia 4500
001 CTU_84377
008 210402s9999 xx 000 0 und d
082 |a 303.4 
082 |b H627 
100 |a Hickman, Larry 
245 0 |a Technology and human affairs 
245 0 |c Larry Hickman, Azizah Al-Hibri 
260 |a Louis 
260 |b The C. V. Mosby Company 
260 |c 1981 
650 |a Technology 
650 |x Social aspects 
904 |i QHieu(sửa) 
980 |a Trung tâm Học liệu Trường Đại học Cần Thơ